| 000 -ლიდერი |
| ფიქსირებული სიგრძის საკონტროლო ველი |
01026nam a22002057a 4500 |
| 003 - საკონტროლო ნომრის იდენტიფიკატორი |
| საკონტროლო ველი |
Ge_BSU |
| 005 - ბოლო ოპერაციის თარიღი და დრო |
| საკონტროლო ველი |
20200130114658.0 |
| 008 - ფიქსირებული სიგრძის მონაცემთა ელემენტები - ზოგადი ინფორმაცია |
| ფიქსირებული სიგრძის საკონტროლო ველი |
200130s2005 ||||| |||| 00| 0 geo d |
| 020 ## - წიგნის საერთაშორისო სტანდარტული ნომერი |
| International Standard Book Number |
9994035908 |
| 041 ## - ენის კოდი |
| Language code of text/sound track or separate title |
geo |
| 080 ## - უნივერსალური ათობითი კლასიფიკაციის ინდექსი |
| Universal Decimal Classification number |
622.24:550.835(075.8) ჯ-14 |
| 100 ## - მთავარი ჩანაწერი - პიროვნების სახელი |
| Personal name |
ჯავახიშვილი, ლ. |
| 9 (RLIN) |
6522 |
| 245 ## - ცნობა სათაურის შესახებ |
| Title |
სარეწაო გეოფიზიკა : |
| Remainder of title |
ნაწ. 2 / |
| Statement of responsibility, etc |
ლ. ჯავახიშვილი ; ნ. ხუნდაძე ; რედ. ლ. ჭანტურიშვილი. |
| 264 ## - წარმოების, გამოცემის, დისტრიბუციის და სხვა ცნობები |
| გამოცემის, წარმოების, დისტრიბუციის... ადგილი |
თბილისი : |
| გამოცემის, წარმოების, დისტრიბუციის... სახელწოდება |
ტექნ. უნ-ტი, |
| გამოცემის, წარმოების, დისტრიბუციის... თარიღი |
2005. |
| 300 ## - ფიზიკური აღწერა |
| Extent |
120 გვ. : |
| Other physical details |
ნახ. |
| Dimensions |
23 სმ. |
| 653 ## - INDEX TERM--UNCONTROLLED |
| Uncontrolled term |
სარეწაო გეოფიზიკის სახელმძღვანელოები უმაღლესი სასწავლებლებისათვის. |
| 700 ## - ADDED ENTRY--PERSONAL NAME |
| Personal name |
ხუნდაძე, ნ |
| 9 (RLIN) |
6523 |
| 700 ## - ADDED ENTRY--PERSONAL NAME |
| Personal name |
ჭანტურიშვილი, ლ |
| Relator term |
რედაქტორი |
| 9 (RLIN) |
6524 |
| 942 ## - ADDED ENTRY ELEMENTS (KOHA) |
| Source of classification or shelving scheme |
|
| Koha item type |
წიგნი |